| 000 | 01023nam a2200217 a 4500 | ||
|---|---|---|---|
| 001 | 000242677 | ||
| 003 | AM-YeHGA | ||
| 005 | 20250618071625.0 | ||
| 008 | 030702s1962 ai 000 | arm d | ||
| 040 | _aAM-YeHGA | ||
| 245 | 1 | 0 |
_aՉոչարա : _b[Վեպ] / _cԱ. Մորավիա; Իտալ. թարգմ.՝ Գ. Վիրապյան; Առաջաբ.՝ Ս. Սարյան; Խմբ.՝ Գ.Ս. Քեշիշյան. |
| 260 |
_aԵրևան : _bՀայպետհրատ, _c1962. |
||
| 300 |
_a442 էջ ; _c20 սմ. |
||
| 650 | 1 | 4 |
_aԻտալական գրականություն _xՎեպ |
| 653 | 0 | _aԵրկրորդ համաշխարհային պատերազմ | |
| 653 | 0 | _aԿյանք, սեր, մարդկային փոխհարաբերություններ | |
| 700 | 1 |
_aՎիրապյան, Գևորգ Վահանի, _d1917-1977 _eթարգմ. _4trl |
|
| 700 | 1 |
_aՍարյան, Սարգիս Մարտիրոսի, _d1917-1962 _eառաջաբ. _4aui _92787 |
|
| 700 | 1 |
_aՔեշիշյան, Գրիգոր Սամվելի, _d1921-1980 _eխմբ. _4edt _92468 |
|
| 090 | _c87365 | ||
| 999 |
_c86085 _d86085 |
||